| 000 | 00329nam a2200121Ia 4500 | ||
|---|---|---|---|
| 008 | 210430s9999 xx 000 0 und d | ||
| 082 | _a580 A3661 I | ||
| 100 | _aC.J.Alexopoulos | ||
| 245 |
_aIntroductory Mycology _cC.J.Alexopoulos |
||
| 260 |
_aIslamabad _bNational Book foundation _c1962 |
||
| 300 | _a869p. | ||
| 942 |
_cBK _2ddc |
||
| 999 |
_c561562 _d561562 |
||